|
|
|
|
| LEADER |
01354nam a2200361 a 4500 |
| 001 |
30962 |
| 003 |
BD-DhAAL |
| 005 |
20211121102129.0 |
| 008 |
160224s1999 mau b 001 0 eng |
| 999 |
|
|
|c 36914
|d 36914
|
| 010 |
|
|
|a 98031566
|
| 020 |
|
|
|a 0674177649
|
| 020 |
|
|
|a 0674177630
|
| 040 |
|
|
|a DLC
|c DLC
|d DLC
|d BD-DhAAL
|
| 050 |
0 |
0 |
|a JV51
|b .S58 1999
|
| 082 |
0 |
0 |
|a 325.3
|2 21
|
| 100 |
1 |
|
|a Spivak, Gayatri Chakravorty.
|9 18172
|
| 245 |
1 |
2 |
|a A critique of postcolonial reason :
|b toward a history of the vanishing present /
|c Gayatri Chakravorty Spivak.
|
| 264 |
|
|
|a Cambridge, Mass. :
|b Harvard University Press,
|c 1999.
|
| 300 |
|
|
|a xiii, 449 p ;
|c 25 cm.
|
| 504 |
|
|
|a Includes bibliographical references and index.
|
| 526 |
|
|
|a ENH
|
| 541 |
|
|
|e 30961
|
| 650 |
|
0 |
|a Postcolonialism.
|9 18173
|
| 650 |
|
0 |
|a Feminist criticism.
|9 18174
|
| 650 |
|
0 |
|a Women and literature.
|9 18175
|
| 650 |
|
0 |
|a Feminism and literature.
|9 18176
|
| 650 |
|
0 |
|a Philosophy, Modern
|y 19th century.
|9 18177
|
| 650 |
|
0 |
|a Philosophy, Modern
|y 20th century.
|9 18178
|
| 650 |
|
0 |
|a Politics and culture.
|9 18179
|
| 650 |
|
0 |
|a English literature.
|9 42877
|
| 942 |
|
|
|2 ddc
|c BK
|
| 952 |
|
|
|0 0
|1 0
|2 ddc
|4 0
|6 325_300000000000000_SPI
|7 0
|9 58160
|a BRACUL
|b BRACUL
|c GEN
|d 2016-02-17
|e R K Corporation
|g 3900.00
|l 7
|m 26
|o 325.3 SPI
|p 3010030962
|r 2025-10-07
|s 2025-08-03
|t 1
|v 3900.00
|w 2016-02-17
|y BK
|